Normal view
MARC view
- Andrade Jeannette I.
Entry Personal Name
001 - CONTROL NUMBER
- control field: 46835
003 - CONTROL NUMBER IDENTIFIER
- control field: OSt
005 - DATE AND TIME OF LATEST TRANSACTION
- control field: 20221118140916.0
008 - FIXED-LENGTH DATA ELEMENTS
- fixed length control field: 221118|| aca||aabn | a|a d
040 ## - CATALOGING SOURCE
- Original cataloging agency: OSt
- Transcribing agency: OSt
100 ## - HEADING--PERSONAL NAME
- Personal name: Andrade Jeannette I.
670 ## - SOURCE DATA FOUND
- Source citation: Work cat.: (OSt): Andrade Jeannette I., PNP to submit findings on 'Ninja cops' to Duterte this week /, March 2, 2022.
